| 000 | 00829nam a2200253 a 4500 | ||
|---|---|---|---|
| 005 | 20200104041542.0 | ||
| 008 | 140122b2003 ck ||||| |||| 00| 0 spa d | ||
| 040 |
_cCO-BoIH _aCO-BoIAVH |
||
| 041 | _aspa | ||
| 044 | _ack | ||
| 090 |
_aIAVH _b00255 |
||
| 245 | 0 | 0 |
_aMemorias V congreso interno Instituto de Investigación de Recursos Biológicos Alexander von Humboldt _bÁreas protegidas |
| 260 |
_aBogotá _bInstituto Alexander von Humboldt _c2003 |
||
| 300 |
_a229 p. _c18 cm. |
||
| 650 | 4 | _aAreas protegidas | |
| 650 | 6 | _aConservación in situ | |
| 650 | 4 | _aConservación de ecosistemas | |
| 650 | 6 | _aParques Nacionales Naturales | |
| 650 | 6 | _aManejo de áreas protegidas | |
| 662 | _aColombia | ||
| 700 | 1 |
_aArango, Natalia _eed. |
|
| 942 |
_cLIBRO _2z _04 |
||
| 945 | _d2004-03-04 | ||
| 999 |
_c3725 _d3725 |
||